[Event "XXVIII Euskadi ch"]
[Site "Zornotza"]
[Date "2013.04.06"]
[Round "6"]
[White "Franco Alonso, Alejandro"]
[Black "Diez Fraile, David"]
[Result "1-0"]
[WhiteElo "2504"]
[BlackElo "2168"]

1. c4 Nf6 2. g3 g6 3. Bg2 Bg7 4. Nc3 O-O 5. e4 d6 6. Nge2 e5 7. O-O Nc6 8. d3
Nh5 9. Rb1 a5 10. a3 f5 11. exf5 Bxf5 12. h3 Be6 13. Kh2 Rf7 14. b4 axb4 15.
axb4 Qf8 16. b5 Nd4 17. Nxd4 exd4 18. Ne4 Ra2 19. Rb2 Rxb2 20. Bxb2 h6 21. Qa1
Rf3 22. Qd1 Rf7 23. Qe2 Kh7 24. Nd2 Bc8 25. Nf3 Re7 26. Qd1 Rf7 27. Kg1 d5 28.
Nh4 Bf6 29. Bxd5 Bxh4 30. Bxf7 Qxf7 31. gxh4 Nf4 32. Bc1 Bxh3 33. Re1 Ng2 34.
Re4 Qf6 35. Qd2 1-0

[Event "XXVIII Euskadi ch"]
[Site "Zornotza"]
[Date "2013.04.06"]
[Round "6"]
[White "Argandoña Riveiro, Iñigo"]
[Black "Cucarella Montell, Angels"]
[Result "1/2-1/2"]
[WhiteElo "2416"]
[BlackElo "1982"]

1. d3 c5 2. g3 d6 3. Bg2 Nc6 4. Nc3 g6 5. e4 Bg7 6. Be3 e5 7. Qd2 h6 8. Nge2
Nge7 9. O-O Be6 10. Nd5 Nd4 11. c3 Nxe2+ 12. Qxe2 O-O 13. f4 exf4 14. Nxf4 Bd7
15. Rf2 Bc6 16. Raf1 b6 17. d4 Qd7 18. Bh3 Qb7 19. d5 Bd7 20. Bg2 Rae8 21. Qd2
Kh7 22. h3 Bb5 23. Rd1 Ng8 24. Qc2 Nf6 25. Re1 Nd7 26. a4 Ba6 27. c4 Qb8 28.
Kh2 Bc8 29. Ref1 Ne5 30. Ne2 f5 31. Bf4 Qc7 32. b3 Qe7 33. Ng1 a6 34. Kh1 Rf7
35. Bxe5 Bxe5 36. g4 f4 37. Ne2 Ref8 38. Bf3 Qh4 39. Rh2 Kg7 40. Rg1 Qe7 41.
Qd3 Bd7 42. Nc3 Qf6 43. Nd1 Bd4 44. Rgg2 Be5 45. Nf2 g5 46. Qf1 Rh8 47. Qg1 Kg8
48. h4 Rfh7 49. hxg5 hxg5 50. Rxh7 Rxh7+ 51. Rh2 a5 52. Rxh7 Kxh7 53. Qh2+ Qh6
54. Qxh6+ Kxh6 55. Nd3 Bd4 56. Kg2 Kg6 57. Kf1 Kf6 58. Ke2 Bc3 59. Kd1 Bd4 60.
Kd2 Bc8 1/2-1/2

[Event "XXVIII Euskadi ch"]
[Site "Zornotza"]
[Date "2013.04.06"]
[Round "6"]
[White "Marchena Hurtado, Javier"]
[Black "Goiria Egidazu, Jon Asel"]
[Result "0-1"]
[WhiteElo "2093"]
[BlackElo "1947"]

1. d4 Nf6 2. c4 e6 3. Nf3 Bb4+ 4. Bd2 Qe7 5. g3 Nc6 6. Nc3 b6 7. Bg2 Bb7 8. O-O
Na5 9. b3 O-O 10. Qc2 Rac8 11. Rfe1 c5 12. e4 cxd4 13. Nxd4 Bc5 14. Nf3 Ng4 15.
Re2 Nc6 16. h3 Nge5 17. Nxe5 Nxe5 18. Bf4 Nc6 19. Qd3 Nd4 20. Ree1 a5 21. e5
Bxg2 22. Kxg2 f6 23. Ne4 fxe5 24. Ng5 g6 25. Rxe5 d6 26. Ree1 e5 27. Be3 Qb7+
28. Kg1 Rf5 29. Rad1 Rxg5 30. Bxg5 Nf3+ 31. Kf1 Nxg5 32. Qd5+ Qxd5 33. Rxd5 Nf3
34. Red1 Nd4 35. Kg2 Rf8 36. Rd2 g5 37. Rd3 Kg7 38. Rd2 Kg6 39. Rd3 Rf6 40. Rd2
h5 41. Rd3 Nc2 42. Rd2 Nb4 0-1

[Event "XXVIII Euskadi ch"]
[Site "Zornotza"]
[Date "2013.04.06"]
[Round "6"]
[White "Galarza Cenzano, Iñigo"]
[Black "Axpe Balenciaga, Iñigo"]
[Result "0-1"]
[WhiteElo "2040"]
[BlackElo "2086"]

1. e4 g6 2. d4 Bg7 3. Nf3 c6 4. Nc3 d6 5. Be3 Nf6 6. Qd2 Qa5 7. O-O-O Ng4 8.
Bf4 e5 9. dxe5 dxe5 10. Bg5 f6 11. h3 fxg5 12. hxg4 Bf6 13. Qd6 Be7 14. Qxe5
Qxe5 15. Nxe5 Bf6 16. Nc4 Bxg4 17. f3 Be6 18. e5 Bg7 19. Nd6+ Ke7 20. Bc4 b6
21. Bxe6 Kxe6 22. Nce4 h6 23. Rhe1 Nd7 24. Nc4 Nxe5 25. Ned6 b5 26. Nxe5 Bxe5
27. Nf7 Kxf7 28. Rxe5 Rad8 29. Rh1 Rd5 30. Re4 Rhd8 31. b3 h5 32. Rhe1 R8d7 33.
Re6 R5d6 34. R6e5 Rd5 35. Re6 R7d6 36. Re7+ Kf6 37. Rxa7 Rd2 38. g3 Rg2 39.
Ree7 Rxg3 40. Rf7+ Ke5 41. Rae7+ Re6 42. Rd7 Rf6 43. Rxf6 Kxf6 44. a4 bxa4 45.
bxa4 Rxf3 46. Kb2 h4 47. a5 Rf5 48. a6 Rb5+ 49. Kc3 Rb6 50. a7 Ra6 51. Kd3 Kf5
52. Ke3 Kg4 53. Kf2 Ra2 54. Kg1 h3 55. Rd4+ Kg3 56. Rd3+ Kh4 57. Rd4+ g4 58.
Rd7 g5 59. Kf1 g3 60. Rd4+ g4 0-1

[Event "XXVIII Euskadi ch"]
[Site "Zornotza"]
[Date "2013.04.06"]
[Round "6"]
[White "Segura Del Frago, Imanol"]
[Black "Perez Fernandez, Modesto"]
[Result "1-0"]
[WhiteElo "2012"]
[BlackElo "2048"]

1. c4 Nf6 2. Nc3 e6 3. d4 d5 4. Bg5 c6 5. e3 Nbd7 6. Nf3 Qa5 7. cxd5 Nxd5 8.
Rc1 Nxc3 9. bxc3 Qxa2 10. Bd3 Qa5 11. O-O Bd6 12. e4 h6 13. Bh4 Bf4 14. Rc2 Qh5
15. e5 f5 16. exf6 Nxf6 17. Re2 O-O 18. Qc2 Qa5 19. Ne5 Bxe5 20. Rxe5 Qc7 21.
Qe2 Bd7 22. Bc2 g5 23. Bg3 Qd8 24. h4 g4 25. Qe3 Kg7 26. Bf4 Rh8 27. Bxh6+ Kf7
28. Bg6+ Ke7 29. Bg5 Qf8 30. Re1 Qg8 31. Bf5 g3 32. fxg3 Re8 33. Bxe6 Bxe6 34.
Rxe6+ Kd7 35. Re7+ Kc8 36. Bxf6 Rxe7 37. Qxe7 Rh7 38. Qe8+ Qxe8 39. Rxe8+ Kd7
40. Rb8 Ke6 41. Be5 Kd5 42. g4 a5 43. g5 a4 44. g6 Rxh4 45. Rxb7 Rg4 46. g7 a3
47. Ra7 c5 48. Rxa3 cxd4 49. cxd4 1-0

[Event "XXVIII Euskadi ch"]
[Site "Zornotza"]
[Date "2013.04.06"]
[Round "6"]
[White "Arias Garcia, Luis Javier"]
[Black "Hernandez Perez, Jesus"]
[Result "1-0"]
[WhiteElo "2188"]
[BlackElo "2011"]

1. e4 c5 2. Nf3 d6 3. d4 cxd4 4. Nxd4 Nf6 5. Nc3 g6 6. f4 Nc6 7. Nf3 Bg7 8. Bd3
O-O 9. O-O Be6 10. Kh1 Qc8 11. Qe1 Bg4 12. Qh4 Bxf3 13. Rxf3 Qg4 14. Qe1 Rfd8
15. f5 Ne5 16. Rf4 Nxd3 17. cxd3 gxf5 18. Rxg4 fxg4 19. Qh4 Rac8 20. Bh6 Rc5
21. Nd5 Bxh6 22. Nxf6+ exf6 23. Qxh6 Rdc8 24. Rf1 f5 25. exf5 1-0

[Event "XXVIII Euskadi ch"]
[Site "Zornotza"]
[Date "2013.04.06"]
[Round "6"]
[White "Padilla Cabero, Pablo"]
[Black "Albo Ruiz, Jose Martin"]
[Result "1-0"]
[WhiteElo "2153"]
[BlackElo "1911"]

1. e4 e5 2. Nc3 Nf6 3. d4 Bb4 4. dxe5 Nxe4 5. Qg4 d5 6. Qxg7 Rf8 7. a3 Bxc3+ 8.
bxc3 Bf5 9. Bh6 Nd7 10. Bd3 Bg6 11. Nf3 Qe7 12. Bxe4 dxe4 13. Nd4 O-O-O 14. e6
Nc5 15. Qe5 f6 16. Bxf8 Rxf8 17. Qd5 Rd8 18. Qc4 f5 19. Rb1 c6 20. a4 Rd5 21.
Qb4 a5 22. Qb6 Be8 23. Qa7 Qc7 24. O-O Nxa4 25. c4 Rc5 26. Nb3 Re5 27. Rfd1 Qe7
28. Qa8+ Kc7 29. Nxa5 1-0

[Event "XXVIII Euskadi ch"]
[Site "Zornotza"]
[Date "2013.04.07"]
[Round "7"]
[White "Franco Alonso, Alejandro"]
[Black "Gonzalez de la Torre, Santiago"]
[Result "1/2-1/2"]
[WhiteElo "2504"]
[BlackElo "2446"]

1. c4 Nf6 2. Nf3 e6 3. g3 a6 4. b3 b5 5. Bg2 Bb7 6. O-O c5 7. Nc3 b4 8. Na4 d6
9. d4 cxd4 10. Nxd4 Bxg2 11. Kxg2 Qc7 12. Qd3 Nbd7 13. Nf3 Qb7 14. Kg1 Be7 15.
a3 a5 16. axb4 axb4 17. Bb2 O-O 18. Nd2 Rfd8 19. Rfd1 Ra5 20. Bxf6 Bxf6 21.
Rac1 Rxa4 22. bxa4 Nc5 23. Qf3 Qxf3 24. exf3 Nxa4 25. Ne4 Nc3 26. Nxc3 Bxc3 27.
Kf1 Kf8 28. Ke2 Ke7 29. Kd3 Ra8 30. f4 Ra3 31. Ke2 Kd7 32. f5 Kc6 33. fxe6 fxe6
34. Rd3 Kc5 35. Rcd1 Ra6 36. f4 g6 37. g4 h5 38. h3 hxg4 39. hxg4 Bg7 40. R1d2
Rb6 41. Rd1 b3 42. Re3 b2 43. Rb1 e5 44. fxe5 Bxe5 45. Re4 g5 46. Kd2 Rb3 47.
Kc2 Rc3+ 48. Kd2 Rg3 49. Kc2 Kb4 50. Rbe1 Rg2+ 51. Kb1 Bc3 52. Rd1 Kb3 53. Re6
Rxg4 54. Rexd6 Kxc4 55. Rc6+ Kb4 56. Rc8 Bd4 57. Rb8+ Kc5 58. Kc2 Rg2+ 59. Rd2
Rxd2+ 60. Kxd2 g4 61. Kc2 g3 1/2-1/2

[Event "XXVIII Euskadi ch"]
[Site "Zornotza"]
[Date "2013.04.07"]
[Round "7"]
[White "Prieto Aranguren, Alain"]
[Black "Huerga Leache, Mikel"]
[Result "1/2-1/2"]
[WhiteElo "2200"]
[BlackElo "2448"]

1. Nf3 d5 2. d4 Nf6 3. c4 c6 4. cxd5 cxd5 5. Nc3 Nc6 6. Bf4 Bf5 7. e3 e6 8. Bd3
Bxd3 9. Qxd3 Be7 10. O-O O-O 11. Rfc1 Nh5 12. Be5 f6 13. Bg3 Nxg3 14. hxg3 Rf7
15. Na4 Na5 16. Nd2 Bb4 17. Rc2 Qe8 18. Nc5 Rc7 19. Rac1 Rac8 20. Ncb3 Bxd2 21.
Nxd2 Rxc2 22. Rxc2 Rxc2 23. Qxc2 Qc6 24. Qc5 b6 25. Qxc6 Nxc6 26. a3 Kf7 27.
Kf1 e5 28. Nb3 Ke6 29. Ke2 e4 {(Ilegible)} 1/2-1/2

[Event "XXVIII Euskadi ch"]
[Site "Zornotza"]
[Date "2013.04.07"]
[Round "7"]
[White "Sarralde Osua, Rodrigo"]
[Black "Villalta Bustillo, Igor"]
[Result "1-0"]
[WhiteElo "2337"]
[BlackElo "2229"]

1. e4 e5 2. d4 exd4 3. Qxd4 Nc6 4. Qe3 Nf6 5. Nc3 g6 6. Bd2 Bg7 7. O-O-O O-O 8.
f3 d6 9. h4 Be6 10. h5 Nxh5 11. Qe1 Be5 12. Nge2 f5 13. exf5 Bxf5 14. g4 Qd7
15. gxf5 Qxf5 16. Bh6 Bg7 17. Bxg7 Kxg7 18. Rh3 Rae8 19. Qd2 Ne5 20. Ng3 Nxg3
21. Qh6+ Kf6 22. Nd5+ Ke6 23. Nxc7+ Ke7 24. Nxe8 Nxf1 25. Nxd6 Qf4+ 26. Qxf4
Rxf4 27. Nc8+ 1-0

[Event "XXVIII Euskadi ch"]
[Site "Zornotza"]
[Date "2013.04.07"]
[Round "7"]
[White "Guijarro Galan, Jose Luis"]
[Black "Argandoña Riveiro, Iñigo"]
[Result "1/2-1/2"]
[WhiteElo "2154"]
[BlackElo "2416"]

1. e4 e5 2. Nf3 d6 3. Bc4 Be7 4. d4 exd4 5. Qxd4 Nf6 6. e5 dxe5 7. Qxd8+ Bxd8
8. Nxe5 O-O 9. O-O Nbd7 10. Nxd7 Bxd7 11. Nc3 Bf5 12. Bb3 Nd7 13. Be3 c6 14.
Rad1 Bb6 15. h3 Nc5 16. Bxc5 Bxc5 17. g4 Be6 18. Bxe6 fxe6 19. Ne4 Bb6 20. Kg2
Rad8 21. f3 e5 22. Rfe1 Rd4 23. Nc3 Rxd1 24. Rxd1 Bd4 25. Ne2 Bxb2 26. Rb1 Ba3
27. Rxb7 e4 28. Nd4 exf3+ 29. Nxf3 Bc5 30. Rc7 Re8 31. Rxc6 Bb6 32. Ng5 h6 33.
Ne6 Kf7 34. Nf4 Re5 35. a4 Re4 36. Nd5 Rxa4 37. Nxb6 axb6 38. Rxb6 Rc4 39. Rb2
Rc3 40. Rb7+ Kf6 41. Rb6+ Kg5 42. Rb5+ Kg6 43. Rb6+ Kg5 44. Rb5+ Kg6 45. Rb6+
1/2-1/2

[Event "XXVIII Euskadi ch"]
[Site "Zornotza"]
[Date "2013.04.07"]
[Round "7"]
[White "Axpe Balenciaga, Iñigo"]
[Black "Cucarella Montell, Angels"]
[Result "1-0"]
[WhiteElo "2086"]
[BlackElo "1982"]

1. d4 d5 2. Nf3 e6 3. e3 c5 4. Bd3 Nf6 5. Nbd2 Nc6 6. O-O Bd6 7. b3 b6 8. Bb2
Bb7 9. Ne5 O-O 10. a3 Qe7 11. Qe2 Rae8 12. f4 Nd7 13. Nxd7 Qxd7 14. dxc5 Bxc5
15. b4 Bd6 16. Bxh7+ Kxh7 17. Qh5+ Kg8 18. Bxg7 f6 19. Qh8+ Kf7 20. Qh7 Rd8 21.
Bxf8+ Kxf8 22. Qh8+ Kf7 23. Qh5+ Kf8 24. Qh8+ Kf7 25. Qh5+ Kf8 26. e4 Qg7 27.
e5 Bb8 28. exf6 Qxf6 29. Nf3 Ba6 30. Ng5 Ke7 31. Rfe1 Bc8 32. Qh7+ Kd6 33. Nf7+
Kc7 34. Nxd8+ Kxd8 35. f5 Qxf5 36. Qxf5 exf5 37. Rad1 Ne7 38. c4 Bb7 39. cxd5
Nxd5 40. Rxd5+ Bxd5 41. Rd1 Ke7 42. Rxd5 Ke6 43. Rd3 Ke5 44. h4 1-0

[Event "XXVIII Euskadi ch"]
[Site "Zornotza"]
[Date "2013.04.07"]
[Round "7"]
[White "Goiria Egidazu, Jon Asel"]
[Black "Segura Del Frago, Imanol"]
[Result "1-0"]
[WhiteElo "1947"]
[BlackElo "2012"]

1. e4 c5 2. Nc3 e6 3. f4 a6 4. g3 d5 5. d3 dxe4 6. Nxe4 Nf6 7. Nxf6+ Qxf6 8.
Bg2 Bd6 9. Nf3 Nc6 10. c3 O-O 11. O-O e5 12. fxe5 Nxe5 13. Ng5 Qe7 14. d4 Ng4
15. Qd3 f5 16. Bd2 cxd4 17. cxd4 h6 18. Rae1 Qf6 19. Ne4 Qd8 20. Nxd6 Qxd6 21.
Qc4+ Kh7 22. Bb4 Qd8 23. Bxf8 Qxf8 24. Qc7 Qb4 25. Qc3 Qd6 26. Re8 Nf6 27. Rxc8
Rxc8 28. Qxc8 Qxd4+ 29. Kh1 Qxb2 30. Qxf5+ Kg8 31. Qc8+ Kh7 32. Qxb7 Qxa2 1-0

[Event "XXVIII Euskadi ch"]
[Site "Zornotza"]
[Date "2013.04.07"]
[Round "7"]
[White "Diez Fraile, David"]
[Black "Padilla Cabero, Pablo"]
[Result "1-0"]
[WhiteElo "2168"]
[BlackElo "2153"]

1. g3 f5 2. d4 c6 3. Bg2 g6 4. Nd2 Nh6 5. e4 d6 6. Ngf3 Nf7 7. O-O Bg7 8. c3 e5
9. dxe5 dxe5 10. exf5 gxf5 11. Nb3 Bf6 12. Be3 Na6 13. Re1 Qc7 14. Nxe5 Nxe5
15. f4 O-O 16. fxe5 Bxe5 17. Nc5 b6 18. Qb3+ Rf7 19. Ne6 Bxe6 20. Qxe6 Rc8 21.
Bf1 Rcf8 22. Bxa6 Bxg3 23. Re2 f4 24. Bd4 1-0

[Event "XXVIII Euskadi ch"]
[Site "Zornotza"]
[Date "2013.04.07"]
[Round "7"]
[White "Marchena Hurtado, Javier"]
[Black "Arias Garcia, Luis Javier"]
[Result "1/2-1/2"]
[WhiteElo "2093"]
[BlackElo "2188"]

1. e4 e5 2. Nf3 Nc6 3. Bc4 Bc5 4. d3 Nf6 5. O-O d6 6. c3 h6 7. Nbd2 Be6 8. Re1
Bxc4 9. Nxc4 O-O 10. b4 Bb6 11. a4 a6 12. Nxb6 cxb6 13. Qb3 Re8 14. c4 Nd7 15.
Ba3 b5 16. axb5 axb5 17. cxb5 Na7 18. d4 Nxb5 19. Bb2 Rxa1 20. Bxa1 Qb6 21. Qc4
Na7 22. dxe5 Nxe5 23. Nxe5 dxe5 24. Rd1 Rc8 25. Qd5 Nc6 26. Bxe5 Rd8 27. Bd6
Nxb4 28. Qd2 Nc6 29. h3 Rd7 30. Qd5 Ne7 31. Qd3 Ng6 32. Qg3 Qb5 33. f3 h5 34.
Rd5 Qb1+ 35. Kh2 Qb6 36. Bc5 Qd8 37. Rxh5 Rd1 38. f4 Qc7 39. Rf5 b6 40. Be3 Qc4
41. Rd5 Rxd5 42. exd5 Qxd5 43. Bxb6 Qe4 44. Bc7 Ne7 45. Be5 Nf5 46. Qf2 f6 47.
Bc3 Ne3 48. Bd2 Nd5 49. Qe1 Qxe1 1/2-1/2

[Event "XXVIII Euskadi ch"]
[Site "Zornotza"]
[Date "2013.04.07"]
[Round "7"]
[White "Albo Ruiz, Jose Martin"]
[Black "Hernandez Perez, Jesus"]
[Result "0-1"]
[WhiteElo "1911"]
[BlackElo "2011"]

1. d4 d5 2. c4 c6 3. Nf3 Nf6 4. Qc2 e6 5. e3 Bd6 6. Nc3 Nbd7 7. g4 Nxg4 8. Rg1
f5 9. h3 Ngf6 10. Rxg7 Ne4 11. cxd5 exd5 12. Bd2 Nf8 13. h4 Qf6 14. Rg1 Ng6 15.
h5 Nh4 16. Be2 Be6 17. Nxe4 Nxf3+ 18. Bxf3 fxe4 19. Be2 O-O-O 20. Qa4 Kb8 21.
Bb4 Rhf8 22. Bxd6+ Rxd6 23. Qb4 Rdd8 24. O-O-O Rf7 25. Rdf1 Qe7 26. Qxe7 Rxe7
27. Kd2 Rf8 28. Rh1 Ref7 29. Rh2 Kc7 30. h6 Bf5 {(Ilegible)} 0-1